000 00669nam a2200241Ia 4500
003 OSt
005 20220928113555.0
006 a|||||r|||| 00| 0
007 ta
008 220927b |||||||| |||| 00| 0 eng d
024 _a17662
037 _cTextual
040 _aSDCL
_cSDCL
_beng
041 _2eng
_aeng
082 _aS:4-86, P7
100 _aZard Janet M
_9433892
245 0 _aDevelopmental cognitive behavioral therapy with adults
260 _aNew York
_b Routledge
_c2007
300 _avii,204p.
_ccm.
650 _aCognitive Therapy-Psychology
_9433893
942 _hS:4-86, P7
_cTEXL
_2CC
999 _c750300
_d750300